{"text_format":"3","workbook":"xlsx","n_sheets":1,"sheets":["t268"],"read":"whole","date_system":"1900"}

{"sheet":"t268","index":0,"n_rows":194,"n_cols":7,"rows_kept":194,"merged":[[0,0,0,6],[30,0,30,5],[51,0,51,5],[155,0,155,5]]}
["TABELA 268.1 - Estatísticas Agrícolas, Município de Itatinga, Estado de São Paulo, 2007/08."]
["ITEM","UNIDADE","N.DE UPAs","MÍNIMO","MÉDIO","MÁXIMO","TOTAL"]
["Distância à sede do município","km",494,0.1,{"v":12.78,"d":"12.8"},{"v":36,"d":"36.0"},"-"]
["Área total","hectare",494,0.5,{"v":178.37,"d":"178.4"},{"v":3839.9,"d":"3,839.9"},{"v":88112.6,"d":"88,112.6"}]
["Área com cultura perene","hectare",149,0.1,{"v":22.68,"d":"22.7"},586.1,{"v":3379.9,"d":"3,379.9"}]
["Área com cultura temporária","hectare",235,0.1,{"v":25.73,"d":"25.7"},834.9,{"v":6047.5,"d":"6,047.5"}]
["Área com pastagem","hectare",420,0.4,63.3,{"v":784,"d":"784.0"},{"v":26584.9,"d":"26,584.9"}]
["Área com reflorestamento","hectare",244,0.1,{"v":138.24,"d":"138.2"},{"v":2900,"d":"2,900.0"},{"v":33729.9,"d":"33,729.9"}]
["Área com vegetação natural","hectare",443,0.1,{"v":36.08,"d":"36.1"},{"v":1128.7,"d":"1,128.7"},{"v":15985.6,"d":"15,985.6"}]
["Área com vegetação de brejo e várzea","hectare",41,0.1,{"v":3.35,"d":"3.4"},30.1,137.4]
["Área em descanso","hectare",12,0.3,{"v":10.39,"d":"10.4"},{"v":48,"d":"48.0"},124.7]
["Área complementar","hectare",431,0.1,{"v":4.93,"d":"4.9"},156.3,{"v":2122.7,"d":"2,122.7"}]
["Área das UPAs com (0, 1] ha","hectare",4,0.5,{"v":0.88,"d":"0.9"},{"v":1,"d":"1.0"},3.5]
["Área das UPAs com (1, 2] ha","hectare",10,1.2,{"v":1.64,"d":"1.6"},{"v":2,"d":"2.0"},16.4]
["Área das UPAs com (2, 5] ha","hectare",54,2.2,{"v":3.35,"d":"3.4"},{"v":5,"d":"5.0"},180.9]
["Área das UPAs com (5, 10] ha","hectare",32,5.2,{"v":7.87,"d":"7.9"},9.8,251.8]
["Área das UPAs com (10, 20] ha","hectare",60,10.4,15.3,19.4,917.7]
["Área das UPAs com (20, 50] ha","hectare",94,20.3,{"v":35.36,"d":"35.4"},49.6,{"v":3323.4,"d":"3,323.4"}]
["Área das UPAs com (50, 100] ha","hectare",83,50.8,{"v":71.89,"d":"71.9"},{"v":100,"d":"100.0"},{"v":5966.9,"d":"5,966.9"}]
["Área das UPAs com (100, 200] ha","hectare",57,102.4,{"v":147.19,"d":"147.2"},198.2,{"v":8389.9,"d":"8,389.9"}]
["Área das UPAs com (200, 500] ha","hectare",57,201.9,{"v":330.78,"d":"330.8"},{"v":487,"d":"487.0"},{"v":18854.3,"d":"18,854.3"}]
["Área das UPAs com (500, 1.000] ha","hectare",27,504.9,{"v":715.88,"d":"715.9"},{"v":996,"d":"996.0"},{"v":19328.7,"d":"19,328.7"}]
["Área das UPAs com (1.000, 2.000] ha","hectare",11,{"v":1029,"d":"1,029.0"},{"v":1396.46,"d":"1,396.5"},{"v":1782.8,"d":"1,782.8"},{"v":15361.1,"d":"15,361.1"}]
["Área das UPAs com (2.000, 5.000] ha","hectare",5,{"v":2120,"d":"2,120.0"},{"v":3103.6,"d":"3,103.6"},{"v":3839.9,"d":"3,839.9"},{"v":15518,"d":"15,518.0"}]
["Área das UPAs com (5.000, 10.000] ha","hectare","-","-","-","-","-"]
["Área das UPAs acima de 10.000 ha","hectare","-","-","-","-","-"]
["Familiares do proprietário que trabalham na UPA","unidade",231,{"v":1,"d":"1.0"},{"v":1.36,"d":"1.4"},{"v":5,"d":"5.0"},{"v":315,"d":"315.0"}]
["Trabalhadores permanentes","unidade",229,{"v":1,"d":"1.0"},{"v":3.01,"d":"3.0"},{"v":40,"d":"40.0"},{"v":689,"d":"689.0"}]
["Fonte: Secretaria de Agricultura e Abastecimento, CDRS/IEA, Projeto LUPA."]
[]
["TABELA 268.2 - Explorações Animais, Município de Itatinga, Estado de São Paulo, 2007/08."]
["ITEM","UNIDADE","N.DE UPAs","MÍNIMO","MÉDIO","MÁXIMO","TOTAL"]
["Apicultura","colmeias",1,{"v":4,"d":"4.0"},{"v":4,"d":"4.0"},{"v":4,"d":"4.0"},{"v":4,"d":"4.0"}]
["Asininos E Muares","cabeças",40,{"v":1,"d":"1.0"},2.4,{"v":15,"d":"15.0"},{"v":96,"d":"96.0"}]
["Avestruzes e Ema (Criadouro)","cabeças",1,{"v":4,"d":"4.0"},{"v":4,"d":"4.0"},{"v":4,"d":"4.0"},{"v":4,"d":"4.0"}]
["Avicultura de Corte","cabeças/ano",34,{"v":2,"d":"2.0"},{"v":2068.97,"d":"2,069.0"},{"v":30000,"d":"30,000.0"},{"v":70345,"d":"70,345.0"}]
["Avicultura Ornamental/Decorativa/Exótica","cabeças",32,{"v":1,"d":"1.0"},{"v":14.91,"d":"14.9"},{"v":72,"d":"72.0"},{"v":477,"d":"477.0"}]
["Avicultura para Ovos","cabeças",125,{"v":3,"d":"3.0"},{"v":1148.22,"d":"1,148.2"},{"v":86990,"d":"86,990.0"},{"v":143527,"d":"143,527.0"}]
["Bovinocultura de Corte","cabeças",122,{"v":1,"d":"1.0"},123.9,{"v":800,"d":"800.0"},{"v":15116,"d":"15,116.0"}]
["Bovinocultura Leiteira","cabeças",194,{"v":1,"d":"1.0"},45.7,{"v":560,"d":"560.0"},{"v":8865,"d":"8,865.0"}]
["Bovinocultura Mista","cabeças",45,{"v":3,"d":"3.0"},{"v":52.91,"d":"52.9"},{"v":715,"d":"715.0"},{"v":2381,"d":"2,381.0"}]
["Bubalinocultura","cabeças",3,{"v":5,"d":"5.0"},{"v":9.33,"d":"9.3"},{"v":15,"d":"15.0"},{"v":28,"d":"28.0"}]
["Caprinocultura","cabeças",2,{"v":2,"d":"2.0"},5.5,{"v":9,"d":"9.0"},{"v":11,"d":"11.0"}]
["Cunicultura","cabeças",2,{"v":10,"d":"10.0"},{"v":15,"d":"15.0"},{"v":20,"d":"20.0"},{"v":30,"d":"30.0"}]
["Equinocultura","cabeças",242,{"v":1,"d":"1.0"},{"v":4.31,"d":"4.3"},{"v":50,"d":"50.0"},{"v":1044,"d":"1,044.0"}]
["Outra Exploração Animal","cabeças",1,{"v":50,"d":"50.0"},{"v":50,"d":"50.0"},{"v":50,"d":"50.0"},{"v":50,"d":"50.0"}]
["Ovinocultura","cabeças",31,{"v":2,"d":"2.0"},{"v":73.55,"d":"73.6"},{"v":400,"d":"400.0"},{"v":2280,"d":"2,280.0"}]
["Piscicultura","m² tanques",3,{"v":200,"d":"200.0"},{"v":1816.67,"d":"1,816.7"},{"v":5000,"d":"5,000.0"},{"v":5450,"d":"5,450.0"}]
["Suinocultura","cabeças",76,{"v":1,"d":"1.0"},{"v":8.83,"d":"8.8"},{"v":75,"d":"75.0"},{"v":671,"d":"671.0"}]
["Fonte: Secretaria de Agricultura e Abastecimento, CDRS/IEA, Projeto LUPA."]
[]
["TABELA 268.3 -  Máquinas, Implementos e Benfeitorias, Município de Itatinga, Estado de São Paulo, 2007/08."]
["ITEM","UNIDADE","N.DE UPAs","MÍNIMO","MÉDIO","MÁXIMO","TOTAL"]
["Arado Comum (Bacia, Aiveca)","Unidade",113,{"v":1,"d":"1.0"},{"v":1.08,"d":"1.1"},{"v":2,"d":"2.0"},{"v":122,"d":"122.0"}]
["Arado Escarificador","Unidade",3,{"v":1,"d":"1.0"},{"v":1,"d":"1.0"},{"v":1,"d":"1.0"},{"v":3,"d":"3.0"}]
["Arado Subsolador","Unidade",18,{"v":1,"d":"1.0"},{"v":1.17,"d":"1.2"},{"v":3,"d":"3.0"},{"v":21,"d":"21.0"}]
["Batedeira de Cereais","Unidade",12,{"v":1,"d":"1.0"},{"v":1,"d":"1.0"},{"v":1,"d":"1.0"},{"v":12,"d":"12.0"}]
["Câmara Fria","Unidade",2,{"v":1,"d":"1.0"},{"v":1,"d":"1.0"},{"v":1,"d":"1.0"},{"v":2,"d":"2.0"}]
["Colhedeira Acoplada","Unidade",4,{"v":1,"d":"1.0"},{"v":1,"d":"1.0"},{"v":1,"d":"1.0"},{"v":4,"d":"4.0"}]
["Computador","Unidade",5,{"v":1,"d":"1.0"},{"v":1,"d":"1.0"},{"v":1,"d":"1.0"},{"v":5,"d":"5.0"}]
["Conj.Irrigação Autopropelido","Unidade",2,{"v":1,"d":"1.0"},{"v":1,"d":"1.0"},{"v":1,"d":"1.0"},{"v":2,"d":"2.0"}]
["Conj.Irrigação Convencional","Unidade",6,{"v":1,"d":"1.0"},{"v":1.17,"d":"1.2"},{"v":2,"d":"2.0"},{"v":7,"d":"7.0"}]
["Conj.Irrigação Pivot Central","Unidade",3,{"v":1,"d":"1.0"},{"v":1.33,"d":"1.3"},{"v":2,"d":"2.0"},{"v":4,"d":"4.0"}]
["Conj.Irrigação/Gotejamento/Microaspersão","Unidade",4,{"v":1,"d":"1.0"},{"v":1.75,"d":"1.8"},{"v":4,"d":"4.0"},{"v":7,"d":"7.0"}]
["Conjunto de Fenação","Unidade",5,{"v":1,"d":"1.0"},{"v":3,"d":"3.0"},{"v":11,"d":"11.0"},{"v":15,"d":"15.0"}]
["Desintegrador de Palha (Plantio Direto)","Unidade",1,{"v":1,"d":"1.0"},{"v":1,"d":"1.0"},{"v":1,"d":"1.0"},{"v":1,"d":"1.0"}]
["Desintegrador, Picador, Triturador","Unidade",200,{"v":1,"d":"1.0"},{"v":1.12,"d":"1.1"},{"v":4,"d":"4.0"},{"v":224,"d":"224.0"}]
["Distribuidor de Calcário","Unidade",34,{"v":1,"d":"1.0"},{"v":1.12,"d":"1.1"},{"v":2,"d":"2.0"},{"v":38,"d":"38.0"}]
["Ensiladeira","Unidade",40,{"v":1,"d":"1.0"},1.1,{"v":2,"d":"2.0"},{"v":44,"d":"44.0"}]
["Grade Aradora (Tipo Romi)","Unidade",58,{"v":1,"d":"1.0"},1.1,{"v":3,"d":"3.0"},{"v":64,"d":"64.0"}]
["Grade Niveladora","Unidade",107,{"v":1,"d":"1.0"},{"v":1.09,"d":"1.1"},{"v":5,"d":"5.0"},{"v":117,"d":"117.0"}]
["Implementos para Tração Animal","Unidade",22,{"v":1,"d":"1.0"},{"v":1.91,"d":"1.9"},{"v":5,"d":"5.0"},{"v":42,"d":"42.0"}]
["Microtrator","Unidade",2,{"v":1,"d":"1.0"},{"v":1,"d":"1.0"},{"v":1,"d":"1.0"},{"v":2,"d":"2.0"}]
["Misturador de Ração","Unidade",10,{"v":1,"d":"1.0"},1.1,{"v":2,"d":"2.0"},{"v":11,"d":"11.0"}]
["Ordenhadeira Mecânica","Unidade",10,{"v":1,"d":"1.0"},{"v":1,"d":"1.0"},{"v":1,"d":"1.0"},{"v":10,"d":"10.0"}]
["Pulverizador Tratorizado","Unidade",23,{"v":1,"d":"1.0"},{"v":1.52,"d":"1.5"},{"v":3,"d":"3.0"},{"v":35,"d":"35.0"}]
["Resfriador de Leite, Tanque Expansão","Unidade",40,{"v":1,"d":"1.0"},{"v":1.03,"d":"1.0"},{"v":2,"d":"2.0"},{"v":41,"d":"41.0"}]
["Semeadeira/Adubadeira para Plantio Convencional","Unidade",35,{"v":1,"d":"1.0"},{"v":1.17,"d":"1.2"},{"v":2,"d":"2.0"},{"v":41,"d":"41.0"}]
["Semeadeira/Plantadeira Plantio Direto","Unidade",6,{"v":1,"d":"1.0"},{"v":1,"d":"1.0"},{"v":1,"d":"1.0"},{"v":6,"d":"6.0"}]
["Terraceador","Unidade",12,{"v":1,"d":"1.0"},{"v":1.08,"d":"1.1"},{"v":2,"d":"2.0"},{"v":13,"d":"13.0"}]
["Trator de Esteiras","Unidade",2,{"v":1,"d":"1.0"},{"v":1,"d":"1.0"},{"v":1,"d":"1.0"},{"v":2,"d":"2.0"}]
["Trator de Pneus","Unidade",150,{"v":1,"d":"1.0"},{"v":1.59,"d":"1.6"},{"v":7,"d":"7.0"},{"v":239,"d":"239.0"}]
["Açude/Represa","Unidade",187,{"v":1,"d":"1.0"},{"v":2.18,"d":"2.2"},{"v":20,"d":"20.0"},{"v":408,"d":"408.0"}]
["Adega Cantina","Unidade",4,{"v":1,"d":"1.0"},{"v":1,"d":"1.0"},{"v":1,"d":"1.0"},{"v":4,"d":"4.0"}]
["Almoxarifado/Oficina","Unidade",47,{"v":1,"d":"1.0"},{"v":1.06,"d":"1.1"},{"v":3,"d":"3.0"},{"v":50,"d":"50.0"}]
["Armazém para Grãos Ensacados","Sacas",5,{"v":1,"d":"1.0"},280.4,{"v":999,"d":"999.0"},{"v":1402,"d":"1,402.0"}]
["Balança para Bovinos","Unidade",29,{"v":1,"d":"1.0"},1.1,{"v":2,"d":"2.0"},{"v":32,"d":"32.0"}]
["Barracão para Granja/Avicultura","Unidade",23,{"v":1,"d":"1.0"},{"v":1.87,"d":"1.9"},{"v":12,"d":"12.0"},{"v":43,"d":"43.0"}]
["Barracão/Galpão/Garagem","Unidade",173,{"v":1,"d":"1.0"},{"v":1.17,"d":"1.2"},{"v":3,"d":"3.0"},{"v":202,"d":"202.0"}]
["Casa de Moradia Habitada","Unidade",286,{"v":1,"d":"1.0"},{"v":1.87,"d":"1.9"},{"v":13,"d":"13.0"},{"v":535,"d":"535.0"}]
["Casa de Moradia Total","Unidade",354,{"v":1,"d":"1.0"},{"v":2.49,"d":"2.5"},{"v":15,"d":"15.0"},{"v":880,"d":"880.0"}]
["Curral/Mangueira","Unidade",260,{"v":1,"d":"1.0"},{"v":1.11,"d":"1.1"},{"v":5,"d":"5.0"},{"v":288,"d":"288.0"}]
["Depósito/Tulha","Unidade",179,{"v":1,"d":"1.0"},{"v":1.12,"d":"1.1"},{"v":3,"d":"3.0"},{"v":201,"d":"201.0"}]
["Estábulo","Unidade",37,{"v":1,"d":"1.0"},{"v":1.24,"d":"1.2"},{"v":5,"d":"5.0"},{"v":46,"d":"46.0"}]
["Estufa/Plasticultura","m²",5,{"v":1,"d":"1.0"},{"v":235,"d":"235.0"},{"v":600,"d":"600.0"},{"v":1175,"d":"1,175.0"}]
["Fábrica de Ração","Unidade",8,{"v":1,"d":"1.0"},{"v":1,"d":"1.0"},{"v":1,"d":"1.0"},{"v":8,"d":"8.0"}]
["Instalações para Equinos","Unidade",24,{"v":1,"d":"1.0"},{"v":1.17,"d":"1.2"},{"v":3,"d":"3.0"},{"v":28,"d":"28.0"}]
["Máquina de Benefício","Unidade",3,{"v":1,"d":"1.0"},{"v":1,"d":"1.0"},{"v":1,"d":"1.0"},{"v":3,"d":"3.0"}]
["Pocilga","Unidade",44,{"v":1,"d":"1.0"},{"v":1.02,"d":"1.0"},{"v":2,"d":"2.0"},{"v":45,"d":"45.0"}]
["Poço Semi-Artesiano","Unidade",44,{"v":1,"d":"1.0"},{"v":1.05,"d":"1.1"},{"v":2,"d":"2.0"},{"v":46,"d":"46.0"}]
["Secador de Grãos","Unidade",1,{"v":1,"d":"1.0"},{"v":1,"d":"1.0"},{"v":1,"d":"1.0"},{"v":1,"d":"1.0"}]
["Silo para Grãos","t",5,{"v":10,"d":"10.0"},78.4,{"v":200,"d":"200.0"},{"v":392,"d":"392.0"}]
["Silo para Silagem","t",20,{"v":1,"d":"1.0"},239.6,{"v":999,"d":"999.0"},{"v":4792,"d":"4,792.0"}]
["Terreiro","m²",16,{"v":1,"d":"1.0"},{"v":893.31,"d":"893.3"},{"v":10000,"d":"10,000.0"},{"v":14293,"d":"14,293.0"}]
["Fonte: Secretaria de Agricultura e Abastecimento, CDRS/IEA, Projeto LUPA."]
[]
["TABELA 268.4 - Outras Estatísticas Agrícolas, Município de Itatinga, Estado de São Paulo, 2007/08."]
["ITEM","Número de UPAs",null,"Percentual"]
["Faz Parte de Associação de Produtores",54,null,{"v":10.931174089068826,"d":"10.9"}]
["Faz Parte de Cooperativa de Produtores",29,null,{"v":5.870445344129554,"d":"5.9"}]
["Faz Parte do Sindicato de Produtores",26,null,{"v":5.2631578947368425,"d":"5.3"}]
["Não utiliza assistência técnica ",216,null,{"v":43.7246963562753,"d":"43.7"}]
["Utiliza somente assistência técnica governamental ",87,null,{"v":17.611336032388664,"d":"17.6"}]
["Utiliza somente assistência técnica privada ",157,null,{"v":31.781376518218625,"d":"31.8"}]
["Utiliza assistência técnica tanto governamental quanto privada",34,null,{"v":6.882591093117409,"d":"6.9"}]
["Utiliza Crédito Rural",26,null,{"v":5.2631578947368425,"d":"5.3"}]
["Utiliza Seguro Rural",19,null,{"v":3.8461538461538463,"d":"3.8"}]
["Utiliza Escrituração Agrícola",416,null,{"v":84.21052631578947,"d":"84.2"}]
["Acessa Internet p/ Fins na Agropecuária",28,null,{"v":5.668016194331984,"d":"5.7"}]
["Utiliza Computador nas Atividades Agropecuárias",36,null,{"v":7.287449392712551,"d":"7.3"}]
["Utiliza Energia Elétrica Para Uso na Atividade Agrícola",359,null,{"v":72.67206477732793,"d":"72.7"}]
["Realiza Análise de Solo, quando necessário",178,null,{"v":36.03238866396761,"d":"36.0"}]
["Utiliza Práticas de Conservação de Solo, quando necessário",278,null,{"v":56.2753036437247,"d":"56.3"}]
["Faz Adubação Mineral, quando necessário",259,null,{"v":52.42914979757085,"d":"52.4"}]
["Faz Adubação Orgânica, quando necessário",177,null,{"v":35.829959514170035,"d":"35.8"}]
["Faz Adubação Verde, quando necessário",33,null,{"v":6.680161943319838,"d":"6.7"}]
["Utiliza Manejo Integrado de Pragas (MIP)",17,null,{"v":3.4412955465587043,"d":"3.4"}]
["Utiliza Hidroponia",1,null,{"v":0.20242914979757087,"d":"0.2"}]
["Utiliza Plasticultura",5,null,{"v":1.0121457489878543,"d":"1.0"}]
["Utiliza Mudas Fiscalizadas",141,null,{"v":28.54251012145749,"d":"28.5"}]
["Utiliza Semente Melhorada",126,null,{"v":25.506072874493928,"d":"25.5"}]
["Faz Confinamento de Bovinos",6,null,{"v":1.2145748987854252,"d":"1.2"}]
["Utiliza Pastejo Intensivo",234,null,{"v":47.36842105263158,"d":"47.4"}]
["Faz Inseminação Artificial",20,null,{"v":4.048582995951417,"d":"4.0"}]
["Faz Mineralização do Rebanho",296,null,{"v":59.91902834008097,"d":"59.9"}]
["Faz Vermifugação do Rebanho",297,null,{"v":60.121457489878544,"d":"60.1"}]
["Possui Parceiros /Arrendatários na Exploração Animal",77,null,{"v":15.587044534412955,"d":"15.6"}]
["Esporte e lazer",3,null,{"v":0.6072874493927126,"d":"0.6"}]
["Extração mineral","-",null,"-"]
["Hotel Fazenda, Pousada ou SPA","-",null,"-"]
["Pesque-pague",3,null,{"v":0.6072874493927126,"d":"0.6"}]
["Restaurante ou Lanchonete",2,null,{"v":0.40485829959514175,"d":"0.4"}]
["Transformação artesanal",1,null,{"v":0.20242914979757087,"d":"0.2"}]
["Turismo rural ou ecoturismo",1,null,{"v":0.20242914979757087,"d":"0.2"}]
["Outras atividades econômicas rurais",5,null,{"v":1.0121457489878543,"d":"1.0"}]
["Agroindústria","-",null,"-"]
["Proprietário sem instrução ou com instrução incompleta",23,null,{"v":4.65587044534413,"d":"4.7"}]
["Proprietário com antigo primário completo",99,null,{"v":20.040485829959515,"d":"20.0"}]
["Proprietário com 1° grau (ou antigo ginasial) completo",65,null,{"v":13.157894736842104,"d":"13.2"}]
["Proprietário com 2° grau (ou antigo colegial) completo",95,null,{"v":19.23076923076923,"d":"19.2"}]
["Proprietário com curso superior completo ",156,null,{"v":31.578947368421055,"d":"31.6"}]
["Pessoa Jurídica",56,null,{"v":11.336032388663966,"d":"11.3"}]
["Proprietário residente na própria UPA ",79,null,{"v":15.991902834008096,"d":"16.0"}]
["Fonte: Secretaria de Agricultura e Abastecimento, CDRS/IEA, Projeto LUPA."]
[]
["TABELA 268.5 - Área Cultivada, Município de Itatinga, Estado de São Paulo, 2007/08."]
["CULTURA","N.DE UPAs","MÍNIMO","MÉDIO","MÁXIMO","TOTAL"]
["Eucalipto",240,0.1,136.6,{"v":2900,"d":"2,900.0"},{"v":32783.3,"d":"32,783.3"}]
["Braquiaria",413,0.4,{"v":62.38,"d":"62.4"},{"v":784,"d":"784.0"},{"v":25761.5,"d":"25,761.5"}]
["Cana-de-acucar",179,0.1,{"v":21.13,"d":"21.1"},774.4,{"v":3781.8,"d":"3,781.8"}]
["Laranja",11,60.5,{"v":287.16,"d":"287.2"},586.1,{"v":3158.8,"d":"3,158.8"}]
["Milho",119,0.1,{"v":16.28,"d":"16.3"},192.6,{"v":1937.5,"d":"1,937.5"}]
["Pinus",9,0.1,{"v":102.23,"d":"102.2"},{"v":363,"d":"363.0"},920.1]
["Outras gramineas para pastagem",8,{"v":6,"d":"6.0"},{"v":33.79,"d":"33.8"},{"v":72,"d":"72.0"},270.3]
["Capim-napier (ou capim-elefante)",144,0.1,{"v":1.77,"d":"1.8"},12.1,254.2]
["Gramas",14,0.8,{"v":12.27,"d":"12.3"},{"v":70,"d":"70.0"},171.8]
["Cafe",24,0.1,{"v":5.34,"d":"5.3"},{"v":41,"d":"41.0"},128.2]
["Trigo",2,{"v":50,"d":"50.0"},{"v":58,"d":"58.0"},{"v":66,"d":"66.0"},{"v":116,"d":"116.0"}]
["Sorgo",5,4.8,21.7,{"v":40,"d":"40.0"},108.5]
["Coloniao",6,1.2,{"v":17.37,"d":"17.4"},48.3,104.2]
["Aveia",2,4.8,26.9,{"v":49,"d":"49.0"},53.8]
["Pomar domestico",121,0.1,{"v":0.39,"d":"0.4"},{"v":2,"d":"2.0"},47.6]
["Feijao",5,0.1,5.8,{"v":23,"d":"23.0"},{"v":29,"d":"29.0"}]
["Outras florestais",3,0.5,{"v":8.83,"d":"8.8"},{"v":20,"d":"20.0"},26.5]
["Sorgo-forrageiro",3,{"v":1,"d":"1.0"},{"v":7.63,"d":"7.6"},14.7,22.9]
["Amora (ou amora-preta)",1,{"v":20,"d":"20.0"},{"v":20,"d":"20.0"},{"v":20,"d":"20.0"},{"v":20,"d":"20.0"}]
["Lichia",2,1.6,{"v":6.35,"d":"6.4"},11.1,12.7]
["Mandioca",14,0.1,{"v":0.67,"d":"0.7"},2.4,9.4]
["Fruta-do-conde (ou pinha, ou anona)",1,8.4,8.4,8.4,8.4]
["Horta domestica",14,0.1,{"v":0.28,"d":"0.3"},{"v":1,"d":"1.0"},3.9]
["Limao",1,3.2,3.2,3.2,3.2]
["Arroz",3,0.5,0.9,1.2,2.7]
["Abobora (ou jerimum)",1,1.8,1.8,1.8,1.8]
["Mucuna",1,1.5,1.5,1.5,1.5]
["Girassol",1,1.5,1.5,1.5,1.5]
["Banana",1,{"v":1,"d":"1.0"},{"v":1,"d":"1.0"},{"v":1,"d":"1.0"},{"v":1,"d":"1.0"}]
["Alface",2,0.3,0.4,0.5,0.8]
["Soja",1,0.5,0.5,0.5,0.5]
["Bucha",1,0.2,0.2,0.2,0.2]
["Chicoria (ou chicoria-de-folha-crespa)",1,0.2,0.2,0.2,0.2]
["Cenoura",1,0.1,0.1,0.1,0.1]
["Brocolos (ou brocolis)",1,0.1,0.1,0.1,0.1]
["Cebolinha",1,0.1,0.1,0.1,0.1]
["Fonte: Secretaria de Agricultura e Abastecimento, CDRS/IEA, Projeto LUPA."]